| 000 | 00399nam a22001337a 4500 | ||
|---|---|---|---|
| 082 | _a340.092 MAL | ||
| 100 | _aMalik, Muneer A. | ||
| 245 |
_aThe Pakistan Lawyer's Movement: _bAn Unfinished Agenda / _cMuneer A. Malik |
||
| 260 |
_aKarachi : _bPakistan Law House, _c2008. |
||
| 300 |
_a383 p. ; _c22 cm. |
||
| 942 |
_2ddc _cBK |
||
| 999 |
_c587034 _d587034 |
||